000 00290nam a22001337a 4500
003 SGT
082 _a615.535
_bY11S
100 _aSHARMA, CHANDRABHAN
245 _aYOGA NND NISARGOPACHAR
260 _aVARANASI
_bCHAUKHAMBHA PUB
_c2011
300 _a254
650 _aYOGA
942 _2ddc
_cBK
_01
999 _c8584
_d8584